Terror (Registro nro. 437181)
[ vista simple ]
| 000 -LÍDER | |
|---|---|
| Campo fijo de descripción fija | 00705nrm a22002297a 4500 |
| 003 - IDENTIFICADOR DEL NÚMERO DE CONTROL | |
| Campo de control | BCEG |
| 005 - FECHA Y HORA DE LA ULTIMA TRANSACCIÓN | |
| control field | 20260410162757.0 |
| 008 - ELEMENTOS DE LONGITUD FIJA -- INFORMACIÓN GENERAL | |
| Campo fijo de descripción fija -- Información general | 260410s2010 sp ||||| ||||||0| r spa d |
| 020 ## - ISBN | |
| Isbn | 9788499131566 |
| 040 ## - FUENTE DE CATALOGACIÓN | |
| Agencia de catalogación original | BCEG |
| Idioma de catalogación | spa |
| Agencia que realiza la transcripción | BCEG |
| 082 04 - CLASIFICACIÓN LOCAL | |
| Clasificación local | I808.83873 |
| Clave de autor - cutter | T328t |
| 245 00 - TÍTULO PROPIAMENTE DICHO | |
| Título | Terror |
| Designación General del Material | [Realia] |
| 260 ## - PUBLICACIÓN, DISTRIBUCIÓN, ETC. (PIE DE IMPRENTA) | |
| Lugar de publicación, distribución, etc. | Madrid : |
| Nombre del editor, distribuidor, etc. | Todolibro, |
| Fecha de publicación, distribución, etc. | [2010]. |
| 300 ## - DESCRIPCIÓN FÍSICA | |
| Extensión | [10] p. : |
| Otros detalles físicos | il. |
| 490 ## - MENCIÓN DE SERIE | |
| Mención de serie | [Pop-ups Fantásticos] |
| 500 ## - NOTA GENERAL | |
| Nota General | Incluye mecanismos movibles en páginas de cartón. |
| 500 ## - NOTA GENERAL | |
| Nota General | Libro desplegable, tridimensional (pop-up). |
| 535 ## - Nota de ubicación de originales | |
| Custodio | Disponible en el Módulo de Realia de la Sala Infantil. |
| 541 ## - NOTA DE FUENTE INMEDIATA DE ADQUISICIÓN | |
| Nota de fuente de adquisición | Compra. |
| 650 14 - ASIENTO SECUNDARIO DE MATERIA - TERMINO TEMÁTICO | |
| Término temático o nombre geográfico como elemento de entrada | Cuentos de terror |
| Subdivisión de forma | Libros tridimensionales. |
| 942 ## - TIPO DE MATERIAL (KOHA) | |
| Tipo de Item KOHA | Realia |
| No para Préstamo | Colección | Biblioteca de Origen | Biblioteca Permanente | Fecha de Adquisición | Fuente de Adquisicion | Total de Préstamos | Signatura Topográfica | Código de Barras | Última vez visto | Tipo de Material | Ejemplar |
|---|---|---|---|---|---|---|---|---|---|---|---|
| Material en Reserva | Infantil | Biblioteca Central Estatal de Guanajuato, "Wigberto Jiménez Moreno" | Biblioteca Central Estatal de Guanajuato, "Wigberto Jiménez Moreno" | 10/04/2026 | COMPRA-2025 | I808.83873 T328t | BCEG8655231159 | 10/04/2026 | Realia | ||
| Material en Reserva | Infantil | Biblioteca Central Estatal de Guanajuato, "Wigberto Jiménez Moreno" | Biblioteca Central Estatal de Guanajuato, "Wigberto Jiménez Moreno" | 10/04/2026 | COMPRA-2025 | I808.83873 T328t | BCEG8655231160 | 10/04/2026 | Realia | ej. 2 |